[Event "XVII Juros Svente 2020-A"]
[Site "Klaipeda"]
[Date "2020.07.22"]
[Round "3.4"]
[White "Greicius, Pijus"]
[Black "Paulauskas, Andrius"]
[Result "0-1"]
[WhiteElo "1893"]
[BlackElo "1904"]
[Annotator "TA"]
[PlyCount "100"]
[EventDate "2020.07.20"]
[EventType "tourn"]
[EventCountry "LTU"]
[SourceTitle "playchess.com"]
[Source "ChessBase"]
[SourceQuality "1"]

{[%evp 12,100,49,12,38,0,18,0,-1,-37,-37,-50,-35,-52,-38,-70,4,-18,51,8,19,-8,0,-18,-15,-46,-25,-75,-65,-76,-74,-82,-51,-45,-45,-145,-137,-163,-166,-158,-162,-158,-128,-171,-175,-160,-147,-208,-202,-220,-175,-220,-177,-170,-169,-170,-166,-230,-209,-275,-231,-252,-36,-178,-163,-206,-200,-551,-527,-1073,-1006,-4221,-5006,-2341,-2078,-29964,-29962,-29966,-29968,-29970,-29970,-29959,-29964,-29991,-5289,-29987,-29988,-29987,-29988,-29994,-29976]} 1. Nf3 Nf6 2. c4 g6 3. Nc3 Bg7 4. d4 O-O 5. Bg5 d6 6. e3 c6 {6...c5 is a critical line.} 7. Qc2 Qa5 {E61: King's Indian: Early deviations for White, including Smyslov System.} 8. Bd3 Bg4 {[#]} 9. Bxf6 $146 ({Predecessor:} 9. b4 Qxb4 10. Rb1 Qa5 11. Bxf6 Bxf6 12. Rxb7 Bxf3 13. gxf3 c5 14. Rb5 Qd8 15. dxc5 {½-½ (32) Danielsen,A (1859)-Poulsen,P (1688) Torshavn 2014}) 9... Bxf6 {The position is equal.} 10. h3 Bxf3 $1 11. gxf3 Na6 12. Qd2 Bh4 13. a3 Qg5 ({Better is} 13... e5 $15) 14. O-O-O Qg2 (14... e5 $11) 15. Be2 {Hoping for Rdg1.} Qg5 $1 ({Wrong is} 15... Bxf2 $2 16. Rhf1 $18) ({Don't go for} 15... Qxf2 $2 16. Ne4 $18) 16. Rdg1 Qh6 17. Bd3 f5 18. f4 Rad8 19. Qc2 Kh8 20. Rg2 e5 21. Qd2 Rfe8 22. Ne2 exd4 23. exd4 (23. Nxd4 $15 Bf6 24. Nb3) 23... Nc7 {[%cal Ba6c7,Bc7e6,Be6f8,Bf8e6][%mdl 32]} 24. Kb1 d5 25. c5 Ne6 26. Bc2 Re7 27. Ka2 Rde8 28. Bd1 Qg7 29. b4 (29. Rf1 $17) 29... Nf8 ({But not} 29... Bf6 30. h4 $17) 30. Ng1 Re4 31. Nf3 Qf6 32. Re1 Rxe1 33. Nxe1 {[#]} Re4 $1 {[%cal Be8e4,Be4f4,Bf4f2][%mdl 32]} 34. Nf3 (34. Nc2 $142) 34... Ne6 $19 {[%mdl 64] Double Attack} 35. Bc2 Rxf4 36. Qe3 g5 $2 (36... Kg7 $19 {...Rxf3! is the strong threat.} 37. Rg1 {[#]} Rxf3 $1 {[%mdl 576] Remove Defender, Decoy} 38. Qxf3 Nxd4) 37. Nxg5 {This move loses the game for White.} (37. Ne5 $15) 37... Bxg5 38. Rxg5 Qxg5 39. Qxe6 $2 (39. Qe5+ {was the crucial defense.} Ng7 40. Qb8+ Ne8 41. Qxe8+ Kg7 42. Qd7+ Kg6 43. Qe8+ Kg7 44. Qe5+ Kf7 45. Qc7+ Kg6 46. Qxb7 Rxf2 47. Qxc6+ Qf6 48. Qxf6+ Kxf6 49. Kb3) 39... Rxf2 $15 {[%mdl 4096] Endgame White must now prevent ...Qd2! KQR-KQB} 40. Qe8+ Kg7 41. Qd7+ Kh6 42. Qe6+ Kh5 {( -> ...Qd2!)} 43. Kb3 {[#]} Qd2 $1 {[%csl Gf2][%cal Rd2c2]} 44. Qf7+ {[#]} Kh4 $1 {[%csl Gf2][%cal Rd2c2]} 45. Qxh7+ {[#]} Kg3 $1 {[%csl Gf2][%cal Rd2c2]} 46. Qg6+ {[#]} Kh2 $1 {[%csl Gf2][%cal Rd2c2]} 47. Bxf5 Qb2+ 48. Ka4 Rf3 {[%csl Gb2][%cal Rf3a3] Black mates.} 49. Bd3 Qc3 50. Qd6+ Rg3 {Accuracy: White = 47%, Black = 75%.} 0-1

[Event "XVII Juros Svente 2020-A"]
[Site "Klaipeda"]
[Date "2020.07.22"]
[Round "3.5"]
[White "Juksta, Karolis"]
[Black "Kaunas, Kestutis"]
[Result "1-0"]
[WhiteElo "2366"]
[BlackElo "2178"]
[Annotator "TA"]
[PlyCount "94"]
[EventDate "2020.07.20"]
[EventType "tourn"]
[EventCountry "LTU"]
[SourceTitle "playchess.com"]
[Source "ChessBase"]
[SourceQuality "1"]

{[%evp 9,94,0,10,4,31,0,25,20,25,21,41,26,34,33,45,32,43,25,26,20,69,43,68,28,25,15,27,24,6,21,18,18,22,8,34,27,30,0,-11,0,0,-6,54,62,68,59,56,49,54,47,37,0,48,46,43,0,0,0,0,0,245,245,240,229,256,260,257,265,300,250,279,303,295,290,289,292,454,269,798,791,799,797,777,768,773,757,593]} 1. d4 d5 2. c4 c6 3. Nf3 Nf6 4. Nbd2 Bf5 5. Nh4 Be6 6. e3 {D11: Slav Defence: 3 Nf3 sidelines and 3...Nf6 4 e3 Bg4.} g6 (6... g5 $5 {[%cal Rg5h4]} 7. Nhf3 g4 $11) 7. Bd3 Nbd7 8. O-O {White has an edge.} Bg7 {[#]} 9. b3 $146 ({Predecessor:} 9. h3 c5 10. Nhf3 O-O 11. b3 Bf5 12. Bxf5 gxf5 13. Bb2 e6 14. Rc1 Rc8 15. Qe2 {1-0 (25) O'Donnell,C (2190)-Hayes,P (2099) Bunratty 2015}) 9... c5 10. Nhf3 O-O 11. Bb2 cxd4 12. exd4 Nh5 13. Ng5 Nf4 14. Qf3 dxc4 15. Nxc4 ({But not} 15. bxc4 $6 Nxd3 16. Qxd3 Bf5 $11) ({Reject} 15. Nxe6 Nxe6 16. Nxc4 Bxd4 $15) 15... Qb8 16. Be4 Bxc4 $1 17. bxc4 h6 18. Nh3 $1 {[%cal Rh3f4]} Nxh3+ $1 19. Qxh3 Qc7 20. Qb3 Rad8 21. Rfd1 e5 22. Ba3 Rfe8 23. c5 ({Much worse is} 23. Bxb7 Rb8 $17) 23... exd4 24. Bxg6 Ne5 25. Bf5 $132 {[%mdl 2048] White is not keeping still} Nc6 (25... d3 $11) 26. Rab1 $14 Re5 27. Bd3 Rd7 {[%cal Bd8d7,Bd7e7,Be7e2][%mdl 32]} 28. Bf1 Rde7 29. Rd3 Re1 30. Rg3 Qe5 31. Rxe1 Qxe1 32. Bb2 Re2 33. Qf3 $1 {[%cal Rf3e2]} Rxb2 {[#]} 34. Qf6 $1 {[%csl Gg3][%cal Rf6g7][%mdl 512]} Qxf2+ $2 (34... Kf8 $11 35. Qxg7+ Ke7) 35. Qxf2 $18 Rxf2 36. Kxf2 $11 {[%mdl 4096] Endgame KRB-KBN} Kf8 37. Rb3 Nd8 38. Kf3 Ke7 39. Ke4 Kd7 40. Bc4 Kc6 41. Rg3 Bf6 42. Rf3 Kxc5 (42... Bg7 $142 43. Rf5 b6 44. cxb6 Kxb6) 43. Bxf7 (43. Rxf6 $142 Kxc4 44. Rxh6) 43... Nxf7 $2 {[#]} (43... Bh8 44. Bb3 Nc6) 44. Rxf6 $18 {White is clearly winning.} Nd6+ 45. Kd3 Kd5 46. Rxh6 Nc4 47. Rh7 Ne5+ {Accuracy: White = 79%, Black = 65%.} 1-0

[Event "XVII Juros Svente 2020-A"]
[Site "Klaipeda"]
[Date "2020.07.22"]
[Round "3.6"]
[White "Savicevs, Arsenijs"]
[Black "Vardanyan, Aras"]
[Result "0-1"]
[WhiteElo "1578"]
[BlackElo "2178"]
[Annotator "TA"]
[PlyCount "95"]
[EventDate "2020.07.20"]
[EventType "tourn"]
[EventCountry "LTU"]
[SourceTitle "playchess.com"]
[Source "ChessBase"]
[SourceQuality "1"]

{[%evp 23,95,-1,0,-36,0,-46,-55,-68,-66,-68,-69,-61,-57,-56,-55,-72,-57,-63,-49,-52,-52,-66,-52,-57,4,0,0,0,0,0,10,-42,-49,-46,0,-101,-104,-98,-110,-112,-114,-145,-150,-150,-145,-173,-146,-175,-143,-190,-133,-190,-179,-267,-241,-355,-311,-1281,-1262,-1181,-1332,-29978,-29979,-29979,-29980,-29980,-29981,-29981,-29982,-29982,-29983,-29983,-29983,-29985]} 1. e4 c5 2. Nf3 d6 3. d4 cxd4 4. Nxd4 Nf6 5. Nc3 a6 6. Be3 Ng4 7. Bc1 Nf6 8. Be2 e5 9. Nb3 Be7 10. Be3 Be6 11. O-O O-O 12. Qd2 {12.Re1 is a critical line.} Nbd7 13. f3 {B92: Sicilian Najdorf: 6 Be2.} Rc8 14. Rac1 Nb6 15. Rfd1 {Black is slightly better.} d5 16. exd5 Nfxd5 17. Nxd5 Nxd5 18. Qe1 Qc7 19. Bd2 $1 {[#]} Nb4 $146 {[%mdl 576] Decoy} ({Predecessor:} 19... Qb6+ 20. Qf2 Qxf2+ 21. Kxf2 Nb4 22. Bxb4 Bxb4 23. c3 Be7 24. Bd3 Rc7 25. Re1 f6 26. Rcd1 Rd8 27. Bc2 Rxd1 28. Rxd1 {0-1 (31) Sarikaya,E (1839)-Ozveren,A (1953) Manavgat 2016}) 20. Bxb4 Qb6+ {[%mdl 64] Double Attack} 21. Bc5 Bxc5+ 22. Nxc5 Rxc5 23. Qf2 Rfc8 (23... Bxa2 $15 24. Bd3 Be6) 24. c4 f6 25. b3 Qa5 26. Bd3 b5 {[%cal Rb5c4]} (26... R5c7 {with more complications.} 27. Bb1 b5 28. Rd6 Kf7 29. Rcd1 bxc4 30. b4 Qxb4 31. Qh4 Rh8) 27. Qb2 ({White should play} 27. Rb1 $11 Qb4 28. Qc2) 27... bxc4 $15 28. bxc4 Bxc4 29. Bxc4+ (29. Bf5 $1 $11 {keeps the balance.} Re8 30. Qc2) 29... Rxc4 $17 {Black continues to play with concentration.} 30. Rxc4 Rxc4 $15 {[%mdl 4096] Endgame KQR-KQR} 31. Qb8+ Kf7 32. Qb7+ Kg6 33. Qb1+ Kh6 $1 34. Qd3 Qc3 35. Qf5 Qe3+ 36. Kh1 {[#]} Qf4 ({Better is} 36... Qd2 $1 $19 {[%cal Rd2d1][%mdl 512]} 37. Qh3+ {[#]} (37. Rxd2 Rc1+) 37... Kg6 $1 {[%mdl 512]} 38. Qg4+ Rxg4 39. Rxd2 Rc4) 37. Qd7 (37. Qd3 $17) 37... Rc2 $19 38. Qd3 (38. Qd5 $142) 38... Rxa2 39. Qd5 (39. g3 $142 e4 40. Qxe4 Qxe4 41. fxe4) 39... Qa4 40. Rg1 $2 (40. h3) 40... Ra1 41. Qd2+ g5 42. Qd8 Rxg1+ {Black mates.} 43. Kxg1 Qd4+ 44. Qxd4 exd4 {KP-KP} 45. Kf1 a5 {[%cal Ba6a5,Ba5a4,Ba4a3][%mdl 32]} 46. Ke2 a4 47. Kd3 a3 48. Kxd4 {Accuracy: White = 46%, Black = 83%.} 0-1

[Event "XVII Juros Svente 2020-A"]
[Site "Klaipeda"]
[Date "2020.07.22"]
[Round "3.7"]
[White "Milovs, Daniels"]
[Black "Pidluznij, Gleb"]
[Result "0-1"]
[WhiteElo "1555"]
[BlackElo "2042"]
[Annotator "TA"]
[PlyCount "56"]
[EventDate "2020.07.20"]
[EventType "tourn"]
[EventCountry "LTU"]
[SourceTitle "playchess.com"]
[Source "ChessBase"]
[SourceQuality "1"]

{[%evp 9,56,-6,-5,0,10,12,57,-10,66,58,67,62,48,21,27,28,21,-50,-49,-44,-20,-27,-31,-52,-53,-61,-68,-43,-42,-40,-21,-9,-26,-65,-39,-55,0,-84,-81,-177,-185,-206,-192,-318,-315,-785,-765,-1097,-999]} 1. e4 c5 2. Be2 Nc6 3. f4 g6 4. Nf3 Bg7 5. c3 d5 6. d3 {B21: Sicilian: 2 f4 and Morra Gambit.} e6 7. O-O d4 {[#]} 8. cxd4 $146 (8. e5 $14) ({Predecessor:} 8. Bd2 Nge7 9. Na3 O-O 10. Kh1 dxc3 11. bxc3 b6 12. Qc2 Ba6 13. Rad1 Qc7 14. Be3 {0-1 (34) Doroginsky,I-Dariy,I Kiev 2003}) 8... cxd4 (8... Nxd4 $11 9. e5 Ne7) 9. Na3 Nf6 10. Qe1 O-O 11. Bd2 Nxe4 12. dxe4 {aiming for Bd3.} d3 13. Rb1 (13. e5 $11 dxe2 14. Qxe2) 13... dxe2 $15 14. Qxe2 b6 15. Rfd1 Nd4 16. Nxd4 Qxd4+ 17. Kh1 $1 Bb7 18. e5 Rfd8 19. Nb5 $1 {[%cal Rb5d4]} Qa4 {Threatens to win with ...Ba6.} 20. Nd6 Bd5 $36 {[%mdl 2048] Black is pushing.} 21. Ra1 Qc2 22. b3 {[#]} h6 ({Black should play} 22... Rxd6 $1 $15 {[%mdl 512]} 23. Rac1 (23. exd6 Bxa1) 23... Rc6 24. Rxc2 Rxc2) 23. Rac1 (23. Rdc1 $11 Qb2 24. Rcb1) 23... Qxa2 $17 24. Ra1 (24. b4 $17 {keeps fighting.}) 24... Qxb3 $19 25. Be3 {[#] intending Rdb1.} Rxd6 $1 26. Rab1 (26. exd6 $142 Bxa1 27. Rxa1) 26... Qa2 27. Rb2 $2 (27. Qxa2 Bxa2 28. exd6 Bxb1 29. Rxb1) 27... Qa3 28. Rd3 {[#]} Qxd3 $1 {Accuracy: White = 56%, Black = 77%.} 0-1

[Event "XVII Juros Svente 2020-A"]
[Site "Klaipeda"]
[Date "2020.07.22"]
[Round "3.8"]
[White "Boyajyan, David"]
[Black "Barsciauskas, Gintautas"]
[Result "1-0"]
[WhiteElo "1949"]
[BlackElo "1575"]
[Annotator "TA"]
[PlyCount "73"]
[EventDate "2020.07.20"]
[EventType "tourn"]
[EventCountry "LTU"]
[SourceTitle "playchess.com"]
[Source "ChessBase"]
[SourceQuality "1"]

{[%evp 11,73,30,40,-7,31,24,29,24,48,47,50,44,43,47,171,172,160,170,166,170,176,177,188,152,236,233,224,192,279,251,280,227,222,211,203,212,340,342,359,380,358,383,372,360,369,334,360,366,484,364,625,612,632,618,685,677,675,641,1054,1053,29976,29977,29975,29974]} 1. d4 d5 2. c4 dxc4 3. e3 e5 4. Bxc4 exd4 5. exd4 Bb4+ 6. Nc3 Nf6 7. Qb3 {D20: Queen's Gambit Accepted: 3 e3 and 3 e4.} (7. Nf3 {with more complications.} O-O 8. O-O Nc6 9. h3 Bd6 10. Re1) 7... Qe7+ 8. Nge2 O-O 9. Bg5 {[#] White has an edge.} a5 $146 ({Predecessor:} 9... Nc6 10. O-O Bxc3 11. Qxc3 h6 12. Bh4 Re8 13. Rfe1 Qd6 14. Rad1 Bf5 15. d5 Ne5 {1-0 (41) Ton,N (2006)-Doan,T (1909) Da Lat 2014}) 10. O-O {[#] And now Nd5 would win.} c6 11. a3 Bd6 12. Ng3 h6 (12... b5 $14 13. Bd3 h6) 13. Rfe1 $18 Qd8 {[#]} 14. Bxf6 $1 Qxf6 15. Nce4 $36 {[%mdl 2048] White has strong initiative.} Qd8 16. Bxf7+ Kh8 17. Bg6 Be7 (17... a4 $16 18. Qd3 Bc7) 18. Rad1 a4 19. Qc2 b6 (19... Nd7 $142 20. Nf5 Nb6) 20. Nc3 Bf6 21. Re4 ({Weaker is} 21. Nxa4 Bxd4 22. Nc3 Ra5 $16) 21... Ra5 22. Rde1 {Re8 is the strong threat.} Bd7 23. Nh5 Rg5 (23... Na6 {is a better defense.} 24. Nxf6 (24. Nxa4 c5 $16) 24... Qxf6) 24. Nf4 b5 25. h4 Rg4 26. Bh5 Rxf4 27. Rxf4 Bxh4 28. Rxf8+ Qxf8 29. g3 Bg5 30. Qe2 Kh7 $2 (30... Bf6 31. Qe4 Qd6) 31. Bg4 Qf7 32. Qe4+ g6 33. Bxd7 Qxd7 34. Qe5 Na6 35. Ne4 Nc7 36. Nxg5+ hxg5 37. Qe7+ {Black got outplayed after the opening. Accuracy: White = 82%, Black = 36%.} 1-0

[Event "XVII Juros Svente 2020-A"]
[Site "Klaipeda"]
[Date "2020.07.22"]
[Round "3.9"]
[White "Piksrys, Rutenis"]
[Black "Golsta, Madara"]
[Result "0-1"]
[WhiteElo "1532"]
[BlackElo "1903"]
[Annotator "TA"]
[PlyCount "102"]
[EventDate "2020.07.20"]
[EventType "tourn"]
[EventCountry "LTU"]
[SourceTitle "playchess.com"]
[Source "ChessBase"]
[SourceQuality "1"]

{[%evp 9,102,1,6,14,0,3,23,-10,-29,-13,-28,-10,-23,-45,0,-66,-66,-66,-66,-66,-66,-66,-66,-65,-67,-64,-52,-61,-72,-90,-63,-177,-46,-87,-82,-88,-87,-155,-21,-222,-224,-310,-302,-527,-529,-492,-227,-227,-216,-239,-241,-229,-221,-246,-237,-237,-209,-212,-210,-318,-325,-333,-316,-288,-168,-166,-174,-174,-159,-172,-171,-165,-156,-194,-140,-135,-142,-157,-158,-199,-187,-171,-176,-225,-166,-29978,-29979,-29978,-29979,-29979,-29980,-29984,-29985,-29985,-29983]} 1. Nf3 g6 2. g3 Bg7 3. Bg2 c5 4. e4 Nc6 5. O-O Nf6 6. Re1 {A04: Unusual lines after 1 Nf3 and King's Indian Attack.} d5 7. exd5 Nxd5 8. c3 {White has an edge.} O-O {[#]} 9. Na3 $146 ({Predecessor:} 9. d4 cxd4 10. Nxd4 Nxd4 11. cxd4 Be6 12. Nc3 Rc8 13. Nxd5 Bxd5 14. Bxd5 Qxd5 15. Rxe7 {1-0 (55) Mboizi,E (1954)-Ampaire,S (1642) Kampala 2020}) 9... Bg4 10. h3 Bf5 11. Nc4 Rc8 12. Ne3 (12. Nce5 $11) 12... Nxe3 $1 $15 13. dxe3 Qxd1 14. Rxd1 Rfd8 15. Re1 Be4 16. Nd2 Bxg2 17. Kxg2 Ne5 18. e4 Nd3 19. Re2 b5 $36 {[%mdl 2048] Black is pushing.} 20. Rb1 (20. Nf3 $15) 20... b4 (20... Bh6 $1 $19 21. f4 e5) 21. Nc4 bxc3 22. bxc3 Bxc3 23. Ba3 ({White should try} 23. Be3) 23... Bb4 (23... Rd4 $17 24. Ne3 e6) 24. Kf3 $2 {Loses the game.} (24. Bb2 $1 $11) 24... Rd4 $19 25. Rb3 Ne1+ 26. Ke3 $2 (26. Kf4 e5+ 27. Kg5) 26... Rxc4 27. Bxb4 Ng2+ ({Less strong is} 27... Rxb4 28. Rxe1 Ra4 29. a3 $17) (27... Nc2+ $142 28. Rxc2 Rxc2) 28. Kf3 {[#] Strongly threatening Bc3.} Nh4+ $1 {[%mdl 512]} 29. Kg4 (29. gxh4 cxb4) 29... cxb4 30. Kxh4 {[%mdl 4096] Endgame KRR-KRR} a5 31. a3 Rc3 32. Rxc3 bxc3 {KR-KR} 33. Rc2 Rc4 $1 34. f3 (34. Kg5 $142) 34... f5 35. Kg5 fxe4 36. fxe4 Rxe4 (36... Kg7 $142 37. Kf4 Kf6) 37. Rxc3 Kg7 {[%csl Gg7][%cal Rh7h6]} 38. g4 h6+ 39. Kh4 Kf6 40. Kg3 Rd4 41. h4 Ke5 ({Better is} 41... a4 $19 42. Rc6+ e6) 42. Re3+ $17 Kd6 43. Rb3 e6 $1 44. Rb6+ {[#]} Ke5 $1 45. Rb5+ Rd5 46. Rb3 Ke4 {aiming for ...Rd3+.} 47. Rf3 $2 {[#]} (47. Rb6 $19 Ke5 48. Kf2) 47... Rd3 $1 {Black mates.} 48. Rxd3 Kxd3 49. Kf4 Kd4 50. h5 e5+ 51. Kf3 g5 {Accuracy: White = 46%, Black = 66%.} 0-1

[Event "XVII Juros Svente 2020-A"]
[Site "Klaipeda"]
[Date "2020.07.22"]
[Round "3.10"]
[White "Pocius, Vaclovas"]
[Black "Januseviciute, Donata"]
[Result "1-0"]
[WhiteElo "1714"]
[BlackElo "1520"]
[Annotator "NA RC"]
[PlyCount "47"]
[EventDate "2020.07.20"]
[EventType "tourn"]
[EventCountry "LTU"]
[SourceTitle "playchess.com"]
[Source "ChessBase"]
[SourceQuality "1"]
[TimeControl "40/5400+30:1800+30"]

1. Nf3 {[%emt 0:00:00]} Nf6 {[%emt 0:00:00]} 2. Nc3 {[%emt 0:00:54]} d5 {[%emt 0:00:09]} 3. d4 {[%emt 0:01:27]} Bf5 {[%emt 0:03:03]} 4. Nh4 {[%emt 0:02:14]} Bg6 {[%emt 0:00:14]} 5. Nxg6 {[%emt 0:00:15]} hxg6 {[%emt 0:00:09]} 6. Bg5 {[%emt 0:00:30]} e6 {[%emt 0:00:28]} 7. e4 {[%emt 0:00:36]} dxe4 {[%emt 0:01:30]} 8. Qd2 {[%emt 0:09:56]} Bb4 {[%emt 0:04:22]} 9. Bc4 {[%emt 0:10:06]} c6 {[%emt 0:00:45]} 10. O-O-O {[%emt 0:09:09]} Qa5 {[%emt 0:01:17]} 11. Bxf6 {[%emt 0:03:56]} gxf6 {[%emt 0:08:10]} 12. Qe3 {[%emt 0:01:04]} Bxc3 {[%emt 0:02:05]} 13. bxc3 {[%emt 0:00:14]} f5 {[%emt 0:03:14]} 14. f3 {[%emt 0:01:14]} exf3 {[%emt 0:09:54]} 15. d5 {[%emt 0:03:36]} Qb6 {[%emt 0:00:58]} 16. Qe5 {[%emt 0:00:36]} Rh4 {[%emt 0:02:24]} 17. dxe6 {[%emt 0:06:42]} Rxc4 {[%emt 0:07:39]} 18. Qh8+ {[%emt 0:14:32]} Ke7 {[%emt 0:00:21]} 19. exf7 {[%emt 0:00:18]} Qe3+ {[%emt 0:02:09]} 20. Kb1 {[%emt 0:00:19]} Kxf7 {[%emt 0:00:37]} 21. Qh7+ {[%emt 0:08:24]} Kf6 {[%emt 0:00:57]} 22. Rd6+ {[%emt 0:07:29]} Ke5 {[%emt 0:02:05]} 23. Qe7+ {[%emt 0:00:14]} Kf4 {[%emt 0:01:06]} 24. g3+ {[%emt 0:00:00]} 1-0

[Event "XVII Juros Svente 2020-A"]
[Site "Klaipeda"]
[Date "2020.07.22"]
[Round "3.12"]
[White "Scekaciov, Rostislav"]
[Black "Aleidzans, Vadims"]
[Result "1-0"]
[WhiteElo "1458"]
[BlackElo "1346"]
[Annotator "NA RC"]
[PlyCount "81"]
[EventDate "2020.07.20"]
[EventType "tourn"]
[EventCountry "LTU"]
[SourceTitle "playchess.com"]
[Source "ChessBase"]
[SourceQuality "1"]
[TimeControl "40/5400+30:1800+30"]

1. Nf3 {[%emt 0:00:00]} Nf6 {[%emt 0:00:00]} 2. c4 {[%emt 0:00:00]} c5 {[%emt 0:00:00]} 3. g3 {[%emt 0:00:07]} g6 {[%emt 0:00:11]} 4. Bg2 {[%emt 0:00:08]} Bg7 {[%emt 0:00:09]} 5. O-O {[%emt 0:00:07]} O-O {[%emt 0:00:16]} 6. Nc3 {[%emt 0:00:16]} Nc6 {[%emt 0:02:13]} 7. e3 {[%emt 0:00:10]} d6 {[%emt 0:00:47]} 8. d4 {[%emt 0:01:11]} Bf5 {[%emt 0:00:34]} 9. Re1 {[%emt 0:02:13]} Nb4 {[%emt 0:02:30]} 10. e4 {[%emt 0:01:11]} Bg4 {[%emt 0:00:35]} 11. d5 {[%emt 0:00:25]} Nd7 {[%emt 0:02:22]} 12. a3 {[%emt 0:05:51]} Na6 {[%emt 0:01:19]} 13. Bf4 {[%emt 0:03:16]} h6 {[%emt 0:00:43]} 14. h3 {[%emt 0:01:12]} Bxf3 {[%emt 0:01:45]} 15. Qxf3 {[%emt 0:06:09]} g5 {[%emt 0:00:51]} 16. Be3 {[%emt 0:00:50]} Nab8 {[%emt 0:00:51]} 17. Qe2 {[%emt 0:00:27]} Nb6 {[%emt 0:01:17]} 18. f4 {[%emt 0:01:06]} gxf4 {[%emt 0:00:26]} 19. gxf4 {[%emt 0:00:06]} N8d7 {[%emt 0:02:39]} 20. Bf3 {[%emt 0:00:36]} Kh8 {[%emt 0:00:14]} 21. Kh2 {[%emt 0:01:03]} e6 {[%emt 0:00:43]} 22. Rg1 {[%emt 0:01:09]} exd5 {[%emt 0:01:40]} 23. cxd5 {[%emt 0:00:36]} Qe7 {[%emt 0:01:13]} 24. Bg4 {[%emt 0:01:40]} Bxc3 {[%emt 0:03:31]} 25. bxc3 {[%emt 0:00:07]} Nf6 {[%emt 0:00:55]} 26. Bf5 {[%emt 0:00:58]} Rae8 {[%emt 0:00:19]} 27. Rae1 {[%emt 0:01:35]} Rg8 {[%emt 0:12:11]} 28. c4 {[%emt 0:09:20]} Rxg1 {[%emt 0:01:10]} 29. Bxg1 {[%emt 0:01:39]} Rg8 {[%emt 0:08:48]} 30. Bf2 {[%emt 0:00:29]} Qe8 {[%emt 0:02:31]} 31. Bh4 {[%emt 0:00:37]} Nh7 {[%emt 0:13:28]} 32. e5 {[%emt 0:07:14]} dxe5 {[%emt 0:03:51]} 33. fxe5 {[%emt 0:01:55]} Qa4 {[%emt 0:01:21]} 34. e6 {[%emt 0:03:06]} fxe6 {[%emt 0:02:16]} 35. Qe5+ {[%emt 0:00:51]} Rg7 {[%emt 0:00:22]} 36. Rg1 {[%emt 0:00:45]} Ng5 {[%emt 0:00:24]} 37. Bxg5 {[%emt 0:00:56]} Nd7 {[%emt 0:03:51]} 38. Qxe6 {[%emt 0:01:28]} hxg5 {[%emt 0:00:57]} 39. Qh6+ {[%emt 0:00:17]} Kg8 {[%emt 0:00:18]} 40. Be6+ {[%emt 0:00:48]} Kf8 {[%emt 0:00:36]} 41. Qh8+ {[%emt 0:30:22]} 1-0

[Event "XVII Juros Svente 2020-A"]
[Site "Klaipeda"]
[Date "2020.07.23"]
[Round "4.1"]
[White "Laurusas, Tomas"]
[Black "Stremavicius, Pijus"]
[Result "1-0"]
[WhiteElo "2511"]
[BlackElo "2163"]
[Annotator "TA"]
[PlyCount "87"]
[EventDate "2020.07.20"]
[EventType "tourn"]
[EventCountry "LTU"]
[SourceTitle "playchess.com"]
[Source "ChessBase"]
[SourceQuality "1"]

{[%evp 16,87,15,-6,6,-16,3,-16,17,19,24,15,53,56,73,0,8,1,54,55,57,57,62,56,78,71,75,81,78,81,79,77,75,74,81,87,87,83,88,63,72,67,70,67,86,82,106,106,109,100,154,140,221,214,204,225,217,218,208,222,263,168,206,0,256,277,698,664,683,687,683,655,829,839]} 1. d4 d5 2. Nf3 Nf6 3. g3 c6 4. Bg2 Bg4 5. O-O Nbd7 6. c4 e6 7. Qb3 Qb6 8. Nc3 Be7 9. Bf4 O-O {D11: Slav Defence: 3 Nf3 sidelines and 3...Nf6 4 e3 Bg4.} 10. Nd2 {[#]} Bf5 $146 ({Predecessor:} 10... Qxb3 11. Nxb3 Nb6 12. h3 Bf5 13. cxd5 Nfxd5 14. Nxd5 exd5 15. g4 Bc8 16. Nc5 Nd7 17. b4 Nxc5 18. bxc5 {½-½ (30) Klewe,W (2255)-Hartwich,A (2248) ICCF email 2018}) 11. c5 Qa6 {The position is equal.} 12. e4 dxe4 13. Ncxe4 Nxe4 14. Nxe4 b6 15. cxb6 (15. Nd6 $16 Bxd6 16. cxd6 (16. Bxd6 Rfc8 $14)) 15... Nxb6 $11 16. Nc5 Bxc5 (16... Qc8 $11) 17. dxc5 $14 Nd5 18. Bd6 $36 {[%mdl 2048] White has good play.} Rfe8 19. Rad1 Rad8 20. Rfe1 h6 21. Rd4 Rd7 22. Bf1 Qb7 23. Qa4 {[#] Black must now prevent Rxd5!} Red8 24. b3 a6 25. Qa5 (25. Bxa6 $6 Qa8 $11) ({Don't play} 25. Qxa6 $6 Qxa6 26. Bxa6 Ra7 $11) 25... Ra8 26. Ra4 {[%cal Rf1a6]} Qc8 27. Qd2 Rda7 28. Ra5 Qb7 29. Rc1 Rd8 30. Rc4 Nc7 31. Rb4 Qc8 32. Rb6 Nb5 ({Black should play} 32... e5) 33. Bg2 $16 Nxd6 (33... e5 $16 {was worth a try.} 34. Bxc6 Nd4) 34. cxd6 $18 ({But not} 34. Rxc6 $2 Rc7 $19) 34... Rad7 35. Rxc6 Qxc6 36. Bxc6 Rxd6 37. Qc3 Rd3 38. Qb4 R3d4 39. Qc3 Rd3 $1 {[%cal Rd3c3]} 40. Qc4 R3d4 $2 (40... Rd1+ 41. Kg2 Bd3) 41. Qxa6 {White is clearly winning.} Bh3 {[#] ( -> ...Rd1+)} 42. f4 Rd1+ 43. Kf2 Bf1 44. Qxf1 {Accuracy: White = 92%, Black = 78%.} 1-0